000 00726nam a2200265Ia 4500
003 OSt
005 20221002051217.0
006 a|||||r|||| 00| 0
007 ta
008 220930b |||||||| |||| 00| 0 eng d
024 _a22810
037 _cReference Collections
040 _aCRL
_cCRL
_beng
041 _2eng
_aeng
082 _aV1:73k, M4(RR)
100 _aJunge Ewald
_9572210
245 0 _aWorld coin encyclopedia
260 _aLondon
_bBarrie and Jenkins
_c1984
300 _a297p
_ccm.
650 _a ENCYCLOPEDIAS AND DICTIONARIES
_977
650 _a HISTORY
650 _aNUMISMATICS
_98933
942 _hV1:73k, M4(RR)
_cref
_2CC
999 _c916226
_d916226